000 00380nam a2200181Ia 4500
001 3647
005 20260306145658.0
008 260306t2011||||xx |||||||||||||| ||spa||
041 _aESP
082 _a301
_bM12
100 _aMacionis, John J.
_eAUT
245 0 _aSociologia
260 _c2011
300 _a
_c
650 _aGEN
654 _aCHU
942 _cLIB
_dJUS
_fJUS
_2ddc
_n
999 _c3647
_d3647